Città delle Olimpiadi invernali - Quiz con mappa - Statistics

Statistiche generali
  • Questo quiz è stato fatto 30 volte
  • Il punteggio medio è 9 su 21
Risposte nella Mappa
Le risposte nella mappa del quiz sottostante sono codificate secondo una scala di colori dal rosso al verde in base alla % di persone che hanno risposto correttamente.
 
Statistiche sulle risposte
Anno Città % Corretto
2006 Torino
96%
2022 Pechino
80%
1956 Cortina d'Ampezzo
72%
2014 Soči
64%
2010 Vancouver
64%
1952 Oslo
56%
1984 Sarajevo
56%
2002 Salt Lake City
52%
1972 Sapporo
52%
19641976 Innsbruck
44%
1994 Lillehammer
36%
2018 Pyeongchang
32%
1992 Albertville
28%
1924 Chamonix
28%
1988 Calgary
20%
1936 Garmisch-Partenkirchen
20%
1968 Grenoble
20%
1998 Nagano
20%
1960 Squaw Valley
16%
19321980 Lake Placid
12%
19281948 Sankt Moritz
12%
Nessun quiz corrispondente trovato
Distribuzione punteggi
Percentuale di utenti per punteggio
Percentile per numero di risposta
I tuoi punteggi nel tempo
Non hai fatto questo quiz